| 000 | 00595nam a2200205 i 4500 | ||
|---|---|---|---|
| 001 | 78130 | ||
| 003 | ES-MaACL | ||
| 005 | 20230906173544.0 | ||
| 007 | t| | ||
| 008 | 041011s1979 sp ||||1| spa d | ||
| 100 | 1 |
_aHarrod, Roy F. _961950 |
|
| 245 | 1 | 0 |
_aDinámica económica / _cRoy Harrod ; versión de José Vergara. |
| 260 |
_aMadrid : _bAlianza, _c[1979] |
||
| 300 |
_a203 p. ; _c20 cm. |
||
| 490 | 1 |
_aAlianza universidad ; _v232 |
|
| 700 | 1 |
_aVergara, José. _9114083 |
|
| 830 | 0 |
_aAlianza universidad ; _v232 _9177276 |
|
| 852 |
_aES-MaACL _jA-10208 _bR.99088 |
||
| 999 |
_c78130 _d78130 |
||